| Tag |
First Indicator |
Second Indicator |
Subfields |
| LEADER |
00000cgm a2200000 i 4500 |
| 001 |
in00003586021 |
| 006 |
m o c |
| 007 |
vz uzazuu |
| 007 |
cr una---unuuu |
| 008 |
150327p20151982cau052 o vleng d |
| 005 |
20260324164632.8 |
| 028 |
5 |
2 |
|a 1042056
|b Kanopy
|
| 035 |
|
|
|a (OCoLC)908376734
|
| 035 |
|
|
|a (CaSfKAN)kan1042056
|
| 040 |
|
|
|a UtOrBLW
|b eng
|e rda
|c UtOrBLW
|d UtOrBLW
|
| 245 |
0 |
0 |
|a Lousy Little Sixpence.
|
| 264 |
|
1 |
|a [San Francisco, California, USA] :
|b Kanopy Streaming,
|c 2015.
|
| 300 |
|
|
|a 1 online resource (1 video file, approximately 53 minutes) :
|b digital, .flv file, sound
|
| 336 |
|
|
|a two-dimensional moving image
|b tdi
|2 rdacontent
|
| 337 |
|
|
|a computer
|b c
|2 rdamedia
|
| 338 |
|
|
|a online resource
|b cr
|2 rdacarrier
|
| 344 |
|
|
|a digital
|
| 347 |
|
|
|a video file
|b MPEG-4
|b Flash
|
| 500 |
|
|
|a Title from title frames.
|
| 518 |
|
|
|a Originally produced by Ronin Films in 1982.
|
| 520 |
|
|
|a In the mid-1930s, the Aboriginal people began to organise, and to fight the Aborigines Protection Board. Through old newsreels, archive film, photographs and interviews with Elders, the film weaves a moving account of a hidden history, the early struggle for Aboriginal land rights and self-determination. A meticulous study of how white Australians between the wars consistently broke up Aboriginal families to manufacture a black servant class. "A meticulous study of how white Australians between the wars consistently broke up Aboriginal families to manufacture a black servant class. Australia has produced few films of such quiet and ironic passion." - John Baxter, The Australian.
|
| 538 |
|
|
|a Mode of access: World Wide Web.
|
| 650 |
|
0 |
|a Aboriginal Australians
|x History
|z Australia
|z New South Wales.
|
| 650 |
|
0 |
|a Human rights
|x Aboriginal Australian
|z Australia
|z New South Wales.
|
| 650 |
|
0 |
|a Child welfare
|x Aboriginal Australians
|z Australia
|z New South Wales.
|
| 655 |
|
7 |
|a Internet videos.
|2 lcgft
|0 http://id.loc.gov/authorities/genreForms/gf2011026337
|
| 655 |
|
7 |
|a Nonfiction films.
|2 lcgft
|0 http://id.loc.gov/authorities/genreForms/gf2011026423
|
| 655 |
|
7 |
|a Documentary films.
|2 lcgft
|0 http://id.loc.gov/authorities/genreForms/gf2011026205
|
| 655 |
|
7 |
|a History.
|2 lcgft
|
| 700 |
1 |
|
|a Morgan, Alec,
|e director,
|e producer.
|0 http://id.loc.gov/authorities/names/n2016012207
|
| 700 |
1 |
|
|a Bostock, Gerald,
|e producer.
|0 http://id.loc.gov/authorities/names/no98049593
|
| 710 |
2 |
|
|a Kanopy (Firm)
|0 http://id.loc.gov/authorities/names/no2014091415
|
| 856 |
4 |
0 |
|u http://proxy.library.tamu.edu/login?url=https://texasam.kanopystreaming.com/node/42057
|z Connect to this streaming video
|t 0
|
| 999 |
f |
f |
|s 61998e94-580e-379e-8152-a7520f32fa9b
|i 32287264-da8c-3de7-b057-18290e30fa56
|t 0
|
| 952 |
f |
f |
|a Texas A&M University
|b College Station
|c Electronic Resources
|s www_evans
|d Available Online
|t 0
|h No information provided
|
| 998 |
f |
f |
|t 0
|l Available Online
|